ბათუმის შოთა რუსთაველის სახელმწიფო უნივერსიტეტის ბიბლიოთეკა

აბო თბილელი : რომანი (ბიბ.ჩანაწერი № 43599)

000 -LEADER
fixed length control field 00642nam a2200217Ia 4500
001 - CONTROL NUMBER
control field 10334
003 - CONTROL NUMBER IDENTIFIER
control field GE_BSU
008 - FIXED-LENGTH DATA ELEMENTS--GENERAL INFORMATION
fixed length control field 181216s||||||||xx |||||||||||||| ||und||
040 ## - CATALOGING SOURCE
Transcribing agency GE_BSU
080 ## - UNIVERSAL DECIMAL CLASSIFICATION NUMBER
Universal Decimal Classification number 821.161.1-31
100 ## - MAIN ENTRY--PERSONAL NAME
Personal name ტატიშვილი,ვლადიმერ
245 ## - TITLE STATEMENT
Title აბო თბილელი : რომანი
245 ## - TITLE STATEMENT
Statement of responsibility, etc. [რუს. თარგმნა ე. ზედგენიძემ]
260 ## - PUBLICATION, DISTRIBUTION, ETC.
Place of publication, distribution, etc. თბილისი
260 ## - PUBLICATION, DISTRIBUTION, ETC.
Name of publisher, distributor, etc. მერანი
260 ## - PUBLICATION, DISTRIBUTION, ETC.
Date of publication, distribution, etc. 1984
300 ## - PHYSICAL DESCRIPTION
Extent 302გვ.;20სმ.
653 ## - INDEX TERM--UNCONTROLLED
Uncontrolled term აბო თბილელი
942 ## - ADDED ENTRY ELEMENTS (KOHA)
Koha item type წიგნი
ეგზემპლარები
Withdrawn status Lost status Damaged status Not for loan Date acquired Barcode Date last seen Price effective from Koha item type
        2018-12-17 33972 2018-12-17 2018-12-17 წიგნი